00000000cam 2200000zi 4500
0019.959442
003CaOODSP
00520260225082859
006m     o  d f      
007cr mn|||||||||
008260130e202602##onc     ob   f000 0 fre d
020 |a9780660981819
040 |aCaOODSP|bfre|erda|cCaOODSP
043 |an-cn---
0861 |aP29-4-3-24-2026F-PDF
24500|aCarburéacteur d'aviation (grades militaires F-34, F-37 et F-44).
250 |a[Édition de février 2026].
264 1|aOttawa (Ontario) : |bOffice des normes générales du Canada : |bConseil canadien des normes, |cfévrier 2026.
264 4|c©2026
300 |a1 ressource en ligne (17 pages).
336 |atexte|btxt|2rdacontent/fre
337 |ainformatique|bc|2rdamedia/fre
338 |aressource en ligne|bcr|2rdacarrier/fre
4901 |aNorme nationale du Canada ; |vCAN/CGSB-3.24-2026
500 |aRemplace CAN/CGSB-3.24-2023.
500 |aPublié aussi en anglais sous le titre : Aviation turbine fuel (military grades F-34, F-37 and F-44).
504 |aComprend des références bibliographiques (pages 14-16).
520 |a« La présente norme s'applique à trois grades de carburéacteur d'aviation (grades militaires F-34, F-37, son équivalent, et F-44) constitués d'hydrocarbures classiques, d'hydrocarbures synthétiques, de produits d'origine naturelle autres que des hydrocarbures de pétrole et des additifs indiqués dans la présente norme » -- Objet, page 1.
650 6|aAvions à reaction|xCarburants|xNormes|zCanada.
7102 |aOffice des normes générales du Canada, |eorganisme de publication.
7102 |aConseil canadien des normes, |eorganisme de publication.
77508|tAviation turbine fuel (military grades F-34, F-37 and F-44).|w(CaOODSP)9.959439
795 |tCarburéacteur d'aviation (grades militaires F-34, F-37 et F-44).|b[Édition d'octobre 2023]|w(CaOODSP)9.929646
830#0|aNorme nationale du Canada ;|vCAN/CGSB-3.24-2026.|w(CaOODSP)9.504227
85640|qPDF|s501 Ko|uhttps://publications.gc.ca/collections/collection_2026/ongc-cgsb/P29-4-3-24-2026-fra.pdf
986 |aICS 75.160.20, 75.160.40